Biblioteca

Mañana (Registro nro. 69219)

Detalles MARC
000 -LÍDER
Campo fijo de descripción fija 01579aam a2200361 i 4500
001 - NÚMERO DE CONTROL
Campo de control 768714001
003 - IDENTIFICADOR DEL NÚMERO DE CONTROL
Campo de control CO-MdFUSB
005 - FECHA Y HORA DE LA ULTIMA TRANSACCIÓN
control field 20231205145007.0
007 - CAMPO FIJO DE DESCRIPCIÓN FIJA--INFORMACIÓN GENERAL
Campo fijo de descripción fija ta
008 - ELEMENTOS DE LONGITUD FIJA -- INFORMACIÓN GENERAL
Campo fijo de descripción fija -- Información general 231030t20032003spa||||g |||| 00| 0 spa d
020 ## - NÚMERO INTERNACIONAL NORMALIZADO PARA LIBROS
Número Internacional Normalizado del libro 848307589X
040 ## - FUENTE DE CATALOGACIÓN
Agencia de catalogación original CO-MdFUSB
Idioma de catalogación spa
Agencia que realiza la transcripción CO-MdFUSB
Agencia que realiza la modificación CO-MdFUSBC
Convenciones de la descripción rda
041 ## - CÓDIGO DE IDIOMA
Código de idioma para texto/pista de sonido o título separado spa
082 ## - NÚMERO DE CLASIFICACIÓN DECIMAL DEWEY
Número de la edición del Dewey 23
Número de clasificación 323.1196
Clave de autor-Numero de item L794
100 ## - ASIENTO PRINCIPAL--NOMBRE PERSONAL
Nombre personal Lmrabet, Alí,
Término relacionador autor
245 ## - TÍTULO
Título del Material Mañana
Parte restante del título - Subtitulo : a favor de la libertad de expresión en Marruecos
Mención de responsabilidad, etc. / Alí Lmrabet ; traducido por Zoraida De Torres Burgos ; editado por Laura Feliu , Bernabé López García
250 ## - MENCIÓN DE EDICIÓN
Mención de edición Primera edición
264 #1 - PRODUCCIÓN, PUBLICACIÓN, DISTRIBUCIÓN, MANUFACTURA, Y COPYRIGHT
Lugar de producción, publicación, distribución, manufactura Barcelona, España :
Nombre del productor, publicador, distribuidor Península,
Fecha de producción, publicación, distribución, manufactura, o copyright [2003]
264 #4 - PRODUCCIÓN, PUBLICACIÓN, DISTRIBUCIÓN, MANUFACTURA, Y COPYRIGHT
Fecha de producción, publicación, distribución, manufactura, o copyright ©2003
300 ## - DESCRIPCIÓN FÍSICA
Extensión 158 páginas
Dimensiones ; 21 cm
336 ## - TIPO DE CONTENIDO
Fuente rdacontent
Término de tipo de contenido texto
Código de tipo de contenido txt
337 ## - TIPO DE MEDIO
Fuente rdamedia
Nombre del tipo de medio sin mediación
Código del tipo de medio n
338 ## - TIPO DE SOPORTE
Fuente rdacarrier
Nombre del tipo de soporte volumen
Código Tipo de soporte nc
490 ## - MENCIÓN DE SERIE
Mención de serie Atalaya
505 ## - NOTA DE CONTENIDO
Nota de contenido con formato preestablecido Ali B, indigente corriente -- ¿<Primavera> humanitaria en Marruecos? -- Netanyahu, los judíos marroquíes y palestina -- Abderramán Yusufi no pudo hacer nada -- Sahara: el final del sistema de Basri -- La mudawana como pretexto -- Un año sin Hasan II -- Así cruce el estrecho -- Juicio político -- Marruecos, España: la guerra -- Perejil: humillación y cólera -- <Un minuto menos de sol> provoca otro escandalo.
563 ## - NOTA DE ENCUADERNACIÓN
Nota de encuadernación Rústico.
653 ## - TÉRMINO DE INDIZACIÓN - NO CONTROLADO
Término no controlado Política y gobierno -- Derechos.
700 ## - ASIENTO SECUNDARIO - NOMBRE PERSONAL
9 (RLIN) 8867
Nombre personal Feliu, Laura,
Responsabilidad editor
700 ## - ASIENTO SECUNDARIO - NOMBRE PERSONAL
9 (RLIN) 8868
Nombre personal López García, Bernabé,
Responsabilidad editor
700 ## - ASIENTO SECUNDARIO - NOMBRE PERSONAL
9 (RLIN) 8869
Nombre personal De Torres Burgos, Zoraida,
Responsabilidad traductor
942 ## - TIPO DE MATERIAL (KOHA)
Tipo de Item KOHA Libros General
945 ## - INFORMACIÓN LOCAL DEL REGISTRO
Catalogador sor1564
Existencias
Estado de Material Estado de Perdido Forma de Clasificación Estado de Dañado No para Préstamo Colección Biblioteca de Origen Biblioteca Permanente Fecha de Adquisición Área Total de Préstamos Signatura Topográfica Código de Barras Última vez visto Ejemplar/Existencia Fecha de Remplazo Tipo de Material
    Dewey Decimal Classification     Colección General Biblioteca FUSBC Biblioteca FUSBC 30/10/2023 SOCIOLOGIA   G 323.1196 L794m 22344 30/10/2023 Ej. 1 30/10/2023 Libros General

Biblioteca FUSBC | Teléfono: (57+4) 349 88 10 Ext. 141| WhatsApp (+57) 3005338115 
E-mail: biblioteca@unisbc.edu.co | Calle 76 87-14 Robledo Palenque, Medellín, Colombia

Con tecnología Koha